Catálogo

Gobernabilidad y fiscalización : (Registro nro. 43504)

Detalles MARC
000 -LEADER
fixed length control field 01575cam a2200373 i 4500
001 - CONTROL NUMBER
control field 43504
003 - CONTROL NUMBER IDENTIFIER
control field Mx-PuUPA
005 - DATE AND TIME OF LATEST TRANSACTION
control field 20250519152039.0
008 - FIXED-LENGTH DATA ELEMENTS--GENERAL INFORMATION
fixed length control field 140415s2017 mx a gr 001 0 spa d
020 ## - INTERNATIONAL STANDARD BOOK NUMBER
International Standard Book Number 9786070296154
040 ## - CATALOGING SOURCE
Transcribing agency mx
Original cataloging agency Mx-PuUPA
Language of cataloging spa
Modifying agency Mx-PuUPA
Description conventions rda
041 0# - LANGUAGE CODE
Language code of text/sound track or separate title spa
043 ## - GEOGRAPHIC AREA CODE
Geographic area code n-mx---
245 10 - TITLE STATEMENT
Title Gobernabilidad y fiscalización :
Remainder of title reflexiones críticas sobre sus bases conceptuales, retos y perspectivas /
Statement of responsibility, etc. Alfredo Adam Adam, coordinador ; Roberto Salcedo Aquino, Juan Manuel Portal [y otros nueve], autores.
250 ## - EDITION STATEMENT
Edition statement Primera edición /
Remainder of edition statement septiembre
264 #1 - PRODUCTION, PUBLICATION, DISTRIBUTION, MANUFACTURE, AND COPYRIGHT NOTICE
Place of production, publication, distribution, manufacture Ciudad de México :
Name of producer, publisher, distributor, manufacturer Universidad Nacional Autónoma de México,
Date of production, publication, distribution, manufacture, or copyright notice 2017
300 ## - PHYSICAL DESCRIPTION
Extent 247 páginas :
Other physical details ilustraciones ;
Dimensions 22 cm.
336 ## - CONTENT TYPE
Content type term texto
Fuente rdacontent
Content type code txt
337 ## - MEDIA TYPE
Media type term sin mediación
Source rdamedia
Media type code n
338 ## - CARRIER TYPE
Carrier type term volumen
Source rdacarrier
Carrier type code nc
650 #7 - SUBJECT ADDED ENTRY--TOPICAL TERM
Source of heading or term armarc
Topical term or geographic name entry element Finanzas públicas
Geographic subdivision México
General subdivision Auditoría
650 #7 - SUBJECT ADDED ENTRY--TOPICAL TERM
Source of heading or term armarc
Topical term or geographic name entry element Auditoría interna
Geographic subdivision México
650 #7 - SUBJECT ADDED ENTRY--TOPICAL TERM
Source of heading or term armarc
Topical term or geographic name entry element Administración Pública
General subdivision Prácticas corruptas
Geographic subdivision México
General subdivision Prevención
650 #7 - SUBJECT ADDED ENTRY--TOPICAL TERM
Source of heading or term armarc
Topical term or geographic name entry element Política fiscal
Geographic subdivision México
650 #7 - SUBJECT ADDED ENTRY--TOPICAL TERM
Source of heading or term armarc
Topical term or geographic name entry element Corrupción política
Geographic subdivision México
General subdivision Prevención
650 #7 - SUBJECT ADDED ENTRY--TOPICAL TERM
Source of heading or term armarc
Topical term or geographic name entry element Democracia
Geographic subdivision México
700 1# - ADDED ENTRY--PERSONAL NAME
Personal name Adam Adam, Alfredo,
Relator term coordinador
9 (RLIN) 16985
700 1# - ADDED ENTRY--PERSONAL NAME
Personal name Salcedo Aquino, Roberto,
Dates associated with a name autor
700 1# - ADDED ENTRY--PERSONAL NAME
Personal name Portal, José Manuel,
Dates associated with a name autor
942 ## - ADDED ENTRY ELEMENTS (KOHA)
Source of classification or shelving scheme Dewey Decimal Classification
Koha item type Libro
Classification part 657.83504500972
Item part G57
Existencias
Withdrawn status Lost status Source of classification or shelving scheme Damaged status Not for loan Collection code Home library Current library Shelving location Date acquired Source of acquisition Cost, normal purchase price Total Checkouts Full call number Barcode Date last seen Cost, replacement price Price effective from Koha item type
    Dewey Decimal Classification     General Biblioteca Karol Wojtyla Biblioteca Karol Wojtyla Sala general 29/01/2025 Donación 0.00   657.83504500972 G57 2017 46229 05/01/2026 0.00 03/12/2013 Libro